mungbean productivity through improvement of planting methods of upperland seround rain feed lowland with fully irrgation ផលិតភាពផលិតកម្មសណ្តែកបាយតាមរយះការធ្វើឲ្យប្រសើរឡើងនៃវិធីសាស្ត្រដាំដុះនៅទីទួលជុំវិញស្រែទំនាបអាស្រ័យទឹកមានប្រព័ន្ធស្រោចស្រពពេញលេញនៅរដូវប្រាំង (Record no. 14809)
[ view plain ]
| 000 -LEADER | |
|---|---|
| fixed length control field | 00928nam a22001577a 4500 |
| 003 - CONTROL NUMBER IDENTIFIER | |
| control field | OSt |
| 005 - DATE AND TIME OF LATEST TRANSACTION | |
| control field | 20171027091625.0 |
| 008 - FIXED-LENGTH DATA ELEMENTS--GENERAL INFORMATION | |
| fixed length control field | 171027b xxu||||| |||| 00| 0 eng d |
| 040 ## - CATALOGING SOURCE | |
| Transcribing agency | RUA |
| 082 ## - DEWEY DECIMAL CLASSIFICATION NUMBER | |
| Classification number | AGR NGA 2014 B579 Or.1 |
| 100 ## - MAIN ENTRY--PERSONAL NAME | |
| 9 (RLIN) | 12392 |
| Personal name | NGAN TRY ង៉ាន ទ្រី |
| 245 ## - TITLE STATEMENT | |
| Title | mungbean productivity through improvement of planting methods of upperland seround rain feed lowland with fully irrgation ផលិតភាពផលិតកម្មសណ្តែកបាយតាមរយះការធ្វើឲ្យប្រសើរឡើងនៃវិធីសាស្ត្រដាំដុះនៅទីទួលជុំវិញស្រែទំនាបអាស្រ័យទឹកមានប្រព័ន្ធស្រោចស្រពពេញលេញនៅរដូវប្រាំង |
| 260 ## - PUBLICATION, DISTRIBUTION, ETC. (IMPRINT) | |
| Place of publication, distribution, etc. | phnom penh |
| Name of publisher, distributor, etc. | RUA |
| Date of publication, distribution, etc. | 2014 |
| 300 ## - PHYSICAL DESCRIPTION | |
| Extent | xii;50; |
| Other physical details | illl; |
| Dimensions | 29cm; |
| 942 ## - ADDED ENTRY ELEMENTS (KOHA) | |
| Source of classification or shelving scheme | |
| Koha item type | AGR |
| Price effective from | Date last seen | Permanent Location | Not for loan | Date acquired | Source of classification or shelving scheme | Koha item type | Lost status | Withdrawn status | Date last checked out | Total Checkouts | Shelving location | Damaged status | Barcode | Current Location | Full call number |
|---|---|---|---|---|---|---|---|---|---|---|---|---|---|---|---|
| 2017-10-27 | 2017-10-27 | Library Block B | 2017-10-27 | AGR | B579 | A22889 | Library Block B | AGR NGA 2014 B579 Or.1 | |||||||
| 2017-10-27 | 2017-10-27 | Library Block B | 2017-10-27 | AGR | B579 | A23048 | Library Block B | AGR NGA 2014 B579 Or.2 | |||||||
| 2017-10-27 | 2017-10-27 | Library Block B | 2017-10-27 | AGR | B579 | A24314 | Library Block B | AGR NGA 2014 B579 Or.3 | |||||||
| 2017-10-27 | 2017-10-27 | Library Block B | 2017-10-27 | AGR | B579 | A24427 | Library Block B | AGR NGA 2014 B579 Or.4 | |||||||
| 2017-10-27 | 2017-10-27 | Library Block B | 2017-10-27 | AGR | B579 | A24366 | Library Block B | AGR NGA 2014 B579 Or.5 | |||||||
| 2017-10-27 | 2021-02-15 | Library Block B | 2017-10-27 | AGR | 2021-02-02 | 2 | B579 | A23843 | Library Block B | AGR NGA 2014 B579 Or.6 |